Miasta, które odwiedziłem - Statystyki

Ogólne statystyki
  • Ten quiz został rozwiązany 104 razy
  • Średni wynik to 20 z 68
Statystyki odpowiedzi
Państwo Miasto % Poprawnych
Austria Wien
84%
Czechy Praha
81%
Polska Warszawa
78%
Chorwacja Zagreb
75%
Polska Kraków
74%
Polska Gdańsk
72%
Niemcy Berlin
68%
Polska Poznań
68%
Litwa Vilnius
68%
Polska Wrocław
65%
Polska Gdynia
62%
Polska Szczecin
61%
Polska Łódź
59%
Polska Katowice
56%
Szwajcaria Bern
53%
Czechy Brno
51%
Chorwacja Split
51%
Rumunia București
47%
Polska Toruń
47%
Polska Kielce
44%
Czechy Ostrava
44%
Polska Opole
36%
Litwa Kaunas
35%
Polska Zielona Góra
35%
Polska Częstochowa
33%
Polska Gliwice
29%
Polska Gorzów Wielkopolski
29%
Polska Sosnowiec
29%
Bułgaria Варна
28%
Austria Innsbruck
28%
Polska Zabrze
28%
Niemcy Dresden
27%
Szwajcaria Genève
26%
Polska Koszalin
25%
Polska Bytom
22%
Polska Bielsko-Biała
21%
Litwa Klaipėda
21%
Polska Chorzów
20%
Polska Tarnów
19%
Polska Wałbrzych
18%
Albania Durrës
16%
Polska Rybnik
16%
Szwajcaria Basel
15%
Bułgaria Бургас
14%
Chorwacja Rijeka
14%
Cypr Λεμεσός
13%
Słowacja Košice
13%
Polska Ruda Śląska
13%
Polska Tychy
13%
Polska Dąbrowa Górnicza
12%
Hiszpania Palma
12%
Hiszpania Las Palmas
8%
Grecja Ηράκλειο
7%
Czechy Olomuc
7%
Węgry Debrecen
6%
Niemcy Freiburg im Breisgau
4%
Rumunia Constanța
2%
Niemcy Karlsruhe
2%
Zjednoczone Królestwo Luton
2%
Węgry Miskolc
2%
Francja Annecy
1%
Niemcy Chemnitz
1%
Niemcy Heilbronn
1%
Zjednoczone Królestwo Milton Keynes
1%
Rumunia Oradea
1%
Rumunia Pitești
1%
Rumunia Sibiu
1%
Niemcy Würzburg
1%
Nie znaleziono quizów pasujących do podanych kryteriów
Rozkład punktacji
Procent ludzi z każdym wynikiem
Percentyl według liczby udzielonych odpowiedzi
Twoja historia wyników
Nie rozwiązałeś tego quizu